A Ovelha Estrelinha e o Gato Chiribi (Registo nº 200282)
[ vista simples ]
| 000 -Etiqueta do registo | |
|---|---|
| Valores | 00807nam 22002533 4500 |
| 010 ## - Número ISBN | |
| ISBN | 978-989-23-4807-0 |
| 021 ## - Número do Depósito Legal | |
| Código do país | Portugal |
| Número | 467711/20 |
| 100 ## - Dados gerais de processamento | |
| Dados gerais | 20260130d u||y0pory50 ba |
| 101 ## - Língua de publicação | |
| Língua | Português |
| 102 ## - País de publicação | |
| País | Portugal |
| 200 ## - Titulo e menção de responsabilidade | |
| Título próprio | A Ovelha Estrelinha e o Gato Chiribi |
| Primeira menção de responsabilidade | António Mota |
| Outras menções de responsabilidade | Ilustração de Cátia Vidinhas |
| 205 ## - Menção da edição | |
| Edição | 1ª |
| 210 ## - Publicação | |
| Local de publicação | Alfragide |
| Nome do editor | Edições Asa II |
| Data de publicação | 2020 |
| 215 ## - Descrição física | |
| Paginação / Volumes | 27, [3] p. : il. |
| Outras indicações físicas | Encadernado |
| Dimensões | 25 x 25 cm |
| 225 ## - Colecção | |
| Título próprio da colecção | Obras de António Mota |
| Indicação de volume | 37 |
| 606 ## - Nome comum usado como assunto | |
| ID Autoridade | 22 |
| Palavra de ordem | Literatura Infantil Portuguesa |
| 675 ## - CDU | |
| Notação | 821.134.3-93/MOT/OVE |
| Edição | PT |
| Língua | por |
| 700 ## - Autor principal (pessoa individual) | |
| ID Autoridade | 932 |
| Apelido | Mota |
| Nome | António |
| Datas | 1957- |
| 702 ## - Autor secundário (pessoa individual) | |
| ID Autoridade | 3387 |
| Apelido | Vidinhas |
| Nome | Cátia (ilustração) |
| Datas | 1989- |
| 801 ## - Fonte de origem | |
| País | PT |
| Agência | BMMN |
| Regras de catalogação | RPC |
| 830 ## - Notas gerais do catalogador | |
| Criado por | Carlos Pinto |
| Data de criação | 30-01-2026 |
| Indexado por | Carlos Pinto |
| 990 ## - Elementos KOHA | |
| Tipo de documento | Livro |
| Situação do levantamento | Biblioteca de origem | Código de barras | Cota | Permissão de empréstimo | Tipo de documento | Forma de aquisição |
|---|---|---|---|---|---|---|
| Ponto RBE - EB1 Lavre | 29424 | 821.134.3-93/MOT/OVE | Livro | Compra |